000 00803nam a2200277 i 4500
003 EG-GICUC
005 20260121101741.0
008 260119b2000 enk||||fr|||| 00| 0 eng d
040 _aEG-GiCUC
_beng
_cEG-GiCUC
_dEG-GiCUC
_erda
082 0 4 _221
_a340.040
092 0 4 _221
099 _aLaw 11 2000
100 1 _aKent, Penelope.
245 1 0 _aEuropean union law /
_cPenelope Kent.
264 _aLondon.
_bSweet & Maxwell,
_c2000.
300 _axx, 167 pages ;
_c24 cm
336 _2rda content
_atext
337 _2rda media
_aComputer
338 _2rda carrier
_aOnline Resource
490 _aNutcases
500 _aIncludes index.
650 1 0 _aLaw
_zEuropean Union countries.
856 4 0 _uhttps://fll.law.cu.edu.eg/fulltext/bks/ENGB11-00074.pdf
905 _a10
942 _2ddc
_cBK
_e21
_n0
999 _c57843
_d57843